[Event "BAN-chT2"]
[Site "Dhaka"]
[Date "2022.07.26"]
[Round "9.2"]
[White "Mostakim, Billah"]
[Black "Mohammad Abul Hashem, Kohen"]
[Result "1-0"]
[WhiteElo "1793"]
[BlackElo "1587"]
[PlyCount "61"]
[EventDate "2022.07.18"]
[EventType "team-swiss"]
[EventRounds "9"]
[EventCountry "BAN"]
[SourceTitle "EXT 2023"]
[Source "ChessBase"]
[SourceDate "2022.10.05"]
[SourceVersion "1"]
[SourceVersionDate "2022.10.05"]
[SourceQuality "1"]
[WhiteTeam "Asad"]
[BlackTeam "Bangladesh Police Crown"]
[WhiteTeamCountry "BAN"]
[BlackTeamCountry "BAN"]

1. d4 Nf6 2. c4 d5 3. cxd5 Qxd5 4. Nc3 Qa5 5. e3 c6 6. Bd3 Bf5 7. Bxf5 Qxf5 8. Nf3 e6 9. 0-0 Nbd7 10. Re1 Be7 11. Qb3 b6 12. Qa4 c5 13. Ne5 cxd4 14. exd4 a6 15. g4 b5 16. Qd1 Nxg4 17. Qxg4 Qxg4+ 18. Nxg4 0-0 19. Ne5 Nb6 20. Be3 b4 21. Ne4 Nd5 22. Nc6 Bh4 23. Bg5 Bxg5 24. Nxg5 Rac8 25. Rac1 Rfe8 26. Ne4 Rc7 27. Nd6 Rf8 28. Ne5 Ra7 29. Rc4 Rd8 30. Nc6 Rc7 31. Nxd8 1-0

[Event "BAN-chT2"]
[Site "Dhaka"]
[Date "2022.07.21"]
[Round "4.2"]
[White "Mostafizur, Rahman"]
[Black "Mostakim, Billah"]
[Result "0-1"]
[WhiteElo "1551"]
[BlackElo "1793"]
[PlyCount "73"]
[EventDate "2022.07.18"]
[EventType "team-swiss"]
[EventRounds "9"]
[EventCountry "BAN"]
[SourceTitle "EXT 2023"]
[Source "ChessBase"]
[SourceDate "2022.10.05"]
[SourceVersion "1"]
[SourceVersionDate "2022.10.05"]
[SourceQuality "1"]
[WhiteTeam "Bangladesh Bank Club"]
[BlackTeam "Asad"]
[WhiteTeamCountry "BAN"]
[BlackTeamCountry "BAN"]

1. e4 e6 2. d4 d5 3. Nc3 Nf6 4. Bg5 Be7 5. e5 Nfd7 6. h4 Bxg5 7. hxg5 Qxg5 8. Nf3 Qe7 9. Qd3 h6 10. 0-0-0 c6 11. Nh4 b6 12. f4 g5 13. Nf3 gxf4 14. Qd2 Nf8 15. Qxf4 Ng6 16. Qg3 Ba6 17. Bd3 Bxd3 18. Rxd3 Nd7 19. Kb1 0-0-0 20. Rf1 Rdg8 21. Qh2 Rg7 22. Nd2 Nh4 23. g3 Nf5 24. Ne2 Rhg8 25. Qh3 Rg4 26. Rf4 Rxf4 27. Nxf4 Qg5 28. Nh5 Qg4 29. Qxg4 Rxg4 30. c3 c5 31. Nf4 Rxg3 32. Rxg3 Nxg3 33. Nf3 Nf5 34. Kc2 cxd4 35. cxd4 Nf8 36. Kd3 Ng6 37. Nh5 0-1

[Event "BAN-chT2"]
[Site "Dhaka"]
[Date "2022.07.20"]
[Round "3.2"]
[White "Mostakim, Billah"]
[Black "Nayan Kumar, Mohanto"]
[Result "0-1"]
[WhiteElo "1793"]
[BlackElo "2005"]
[PlyCount "137"]
[EventDate "2022.07.18"]
[EventType "team-swiss"]
[EventRounds "9"]
[EventCountry "BAN"]
[SourceTitle "EXT 2023"]
[Source "ChessBase"]
[SourceDate "2022.10.05"]
[SourceVersion "1"]
[SourceVersionDate "2022.10.05"]
[SourceQuality "1"]
[WhiteTeam "Asad"]
[BlackTeam "Sadharan Bima Corporation"]
[WhiteTeamCountry "BAN"]
[BlackTeamCountry "BAN"]

1. d4 d5 2. c4 c6 3. Nc3 Nf6 4. cxd5 cxd5 5. Nf3 Nc6 6. Bf4 Qb6 7. a3 a6 8. e3 e6 9. Bd3 Be7 10. h3 0-0 11. 0-0 Nh5 12. Bg5 f5 13. Bxe7 Nxe7 14. Na4 Qd6 15. Ne5 Nf6 16. Rc1 Nd7 17. f4 Nxe5 18. fxe5 Qd8 19. Qb3 b5 20. Nc5 Qb6 21. g4 g6 22. Rf2 Ra7 23. Rcf1 Nc6 24. gxf5 gxf5 25. Rg2+ Rg7 26. Rxg7+ Kxg7 27. Qc2 Kh8 28. Kh2 Rg8 29. Rg1 Rxg1 30. Kxg1 Qc7 31. Qh2 Qg7+ 32. Kf2 Qg5 33. Qg3 Qh5 34. Be2 Qh6 35. h4 Qg6 36. Qg5 Kg7 37. Bh5 Qxg5 38. hxg5 Na5 39. b3 Kf8 40. Kg3 Nc6 41. Be2 Kg7 42. Kf4 Na5 43. Bh5 Kf8 44. Kg3 Nc6 45. Kh4 f4 46. exf4 Nxd4 47. Bg4 a5 48. a4 b4 49. Kg3 Ke7 50. Kf2 Nc6 51. Ke3 Nb8 52. Be2 Nd7 53. Kd4 Nf8 54. Bd3 Kd8 55. f5 exf5 56. Kxd5 Ke7 57. Kc6 Ne6 58. Bc4 Nxc5 59. Kxc5 Be6 60. Bd5 f4 61. Be4 Bxb3 62. Bxh7 Bxa4 63. Kd4 Bc6 64. Bd3 f3 65. g6 b3 66. Ke3 a4 67. Bc4 Kf8 68. e6 Kg7 69. Bd5 0-1

[Event "Dhaka Bangabandhu op-B"]
[Site "Dhaka"]
[Date "2021.03.17"]
[Round "9"]
[White "Mostakim, Billah"]
[Black "Md Saifur, Rahman"]
[Result "1-0"]
[WhiteElo "1837"]
[BlackElo "1577"]
[PlyCount "53"]
[EventDate "2021.03.09"]
[EventType "swiss"]
[EventRounds "9"]
[EventCountry "BAN"]
[SourceTitle "EXT 2022"]
[Source "ChessBase"]
[SourceDate "2021.10.06"]
[SourceVersion "1"]
[SourceVersionDate "2021.10.06"]
[SourceQuality "1"]

1. d4 Nf6 2. Nf3 e6 3. Bf4 d5 4. e3 Bd6 5. Bg3 0-0 6. Bd3 h6 7. Nbd2 c5 8. c3 c4 9. Bc2 Nc6 10. Ne5 Qc7 11. f4 b5 12. a3 Bb7 13. 0-0 a5 14. Bh4 Be7 15. Bxf6 Bxf6 16. Qh5 b4 17. axb4 Bxe5 18. fxe5 axb4 19. Rxa8 Rxa8 20. Nf3 Qe7 21. Ng5 Nd8 22. Rf6 Ra1+ 23. Kf2 bxc3 24. Rxh6 gxh6 25. Qxh6 Qb4 26. Bh7+ Kh8 27. Qf6# 1-0